| 000 | 00362nam a22001337a 4500 | ||
|---|---|---|---|
| 082 |
_a598.617 _bFER _cN-01, P-42 |
||
| 100 |
_aJudith Ferguson _946812 |
||
| 245 |
_aThe Chicken Cookbook _cJudith Ferguson |
||
| 260 |
_aLondon _bTiger Book International |
||
| 300 | _a64 P, : | ||
| 526 |
_a0 _b0 _c0 _d598_617000000000000_FER |
||
| 650 |
_aMCE _9379 |
||
| 942 |
_2ddc _cBK |
||
| 999 |
_c550073 _d550073 |
||